[Event "Bilbao Masters 9th"]
[Site "Bilbao"]
[Date "2016.07.14"]
[Round "2"]
[White "So, Wesley"]
[Black "Nakamura, Hikaru"]
[Result "1/2-1/2"]
[WhiteElo "2770"]
[BlackElo "2787"]
[PlyCount "91"]
[EventDate "2016.07.13"]
[EventType "tourn"]
[EventRounds "10"]
[EventCountry "ESP"]
[EventCategory "22"]
[SourceTitle "CBM 174"]
[Source "ChessBase"]
[SourceDate "2016.09.13"]
[SourceVersion "1"]
[SourceVersionDate "2016.09.13"]
[SourceQuality "1"]

1. d4 Nf6 2. c4 e6 3. Nc3 Bb4 4. Qc2 O-O 5. a3 Bxc3+ 6. Qxc3 d5 7. Nf3 dxc4 8. Qxc4 b6 9. Bg5 Ba6 10. Qa4 Qd7 11. Qc2 c5 12. dxc5 Rc8 13. Bxf6 gxf6 14. Rd1 Qe7 15. Qe4 Qxc5 16. e3 Bxf1 $146 ({RR} 16... Nc6 17. Bxa6 Qa5+ 18. b4 Qxa6 19. Qd3 Qxd3 20. Rxd3 a5 21. bxa5 Nxa5 22. Ke2 Rc2+ 23. Rd2 Rc3 24. Rd3 Rc2+ 25. Rd2 Rc3 26. Rd3 Rc2+ {½-½ (26) Balinski,D (2193)-Gierulski,K (2270) Sypniewo 2021}) ({RR} 16... Nc6 17. Bxa6 Qa5+ 18. b4 Qxa6 19. Qd3 Qxd3 20. Rxd3 a5 21. bxa5 Nxa5 22. Ke2 Rc2+ 23. Rd2 Rc3 24. Rd3 Rc2+ 25. Rd2 Rc3 26. Rd3 Rc2+ {½-½ (26) Balinski,D (2193)-Gierulski,K (2270) Sypniewo 2021}) 17. Kxf1 Nc6 18. g3 Ne5 19. Kg2 Qc6 20. Qxc6 Rxc6 21. Nxe5 fxe5 22. Rd2 Rac8 23. Rhd1 Rc2 24. Kf3 Kg7 25. e4 a5 26. Ke3 R2c5 27. Rb1 a4 28. b3 axb3 29. Rxb3 Ra5 30. Rdd3 b5 31. Kd2 Rc4 32. f3 Rca4 33. Rdc3 Rd4+ 34. Ke3 Rxa3 35. Rxa3 b4 36. f4 bxa3 37. Rxa3 Rb4 38. fxe5 Rb5 39. Kf4 Rb2 40. h4 h6 41. g4 Rh2 42. h5 Rh1 43. Rf3 Rg1 44. Rf2 Rh1 45. Rf3 Rg1 46. Rf2 1/2-1/2

[Event "Titled Tue 13th May Late"]
[Site "chess.com INT"]
[Date "2025.05.13"]
[Round "4"]
[White "Tang, Andrew"]
[Black "Nakamura, Hi"]
[Result "0-1"]
[WhiteElo "2529"]
[BlackElo "2804"]
[PlyCount "138"]
[EventDate "2025.05.13"]

1. d4 Nf6 2. c4 Nc6 3. Nf3 e6 4. Nc3 Bb4 5. Qc2 d6 6. Bd2 e5 7. d5 Bxc3 8. Bxc3 Ne7 9. e4 ({RR} 9. Nd2 O-O 10. e3 a5 11. Bd3 Ng6 12. O-O Nd7 13. b3 Nc5 14. Be2 Qg5 15. Kh1 Bf5 16. e4 Nf4 17. Bf3 Bg4 18. g3 Ne2 19. Bxg4 Qxg4 20. Rae1 f5 21. Bb2 fxe4 22. Qd1 Nxg3+ 23. fxg3 Qxd1 {Shankland,S (2672)-Duda,J (2740) chess.com INT 2024 0-1 (38)}) 9... O-O ({RR} 9... Ng6 10. g3 O-O 11. O-O-O Ne8 12. h4 Bg4 13. Be2 h6 14. h5 Bxf3 15. Bxf3 Ne7 16. Be2 c6 17. f4 f6 18. Kb1 Qc8 19. Rh4 cxd5 20. exd5 Qf5 21. Bd3 Qd7 22. Qe2 Nc7 23. c5 Ncxd5 24. Bc4 {Flom,G (2454)-Barbaras,M (2277) Belfort FRA 2025 ½-½ (77)}) 10. g3 Nd7 $146 ({RR} 10... Nh5 11. Be2 g6 12. Qd2 f6 13. O-O-O Qe8 14. h4 Bd7 15. Rdg1 Kh8 16. g4 Nf4 17. g5 Ng8 18. h5 gxh5 19. Rh4 Bg4 20. Bd1 Qg6 21. gxf6 Qxf6 22. Rh2 Bxf3 23. Bxf3 Nh6 24. Bxh5 Rg8 25. Rxg8+ {Hedin,N (1922)-Lofgren,C (2102) Helsingor 2015 0-1 (56)}) ({RR} 10... a5 11. Nh4 Nd7 12. O-O-O Nc5 13. Bg2 f5 14. f4 exf4 15. e5 dxe5 16. Bxe5 f3 17. Bxf3 Ra6 18. Rhe1 Ng6 19. Nxg6 Rxg6 20. Qd2 f4 21. Bxf4 Bf5 22. Qd4 b6 23. Re3 Qd7 24. b3 Rgf6 25. Bh5 {Brontz,A (2245)-Fors,T (2086) Sweden 2000 1-0 (58)}) 11. Bg2 f5 12. exf5 Nc5 13. Ng5 Bxf5 14. Ne4 b5 15. b3 bxc4 16. bxc4 Nc8 17. O-O Nb6 18. Bd2 Qe8 19. Be3 Nbd7 20. f3 Qg6 21. Rae1 Rab8 22. Bf2 Rb7 23. Qc3 Bxe4 24. fxe4 Rfb8 25. Qf3 Rf8 26. Qc3 Rbb8 27. Qc2 h5 28. Bh3 Rf6 29. Bf5 Qf7 30. Be3 g6 31. Bh3 Rf8 32. Bh6 Re8 33. Bg5 Rxf1+ 34. Rxf1 Qg7 35. Qe2 Rf8 36. Rb1 Nb6 37. Be6+ Kh7 38. Bh3 Qf7 39. Rf1 Qe8 40. Bf6 Nbd7 41. Bg5 Rxf1+ 42. Bxf1 Nb6 43. Qc2 Qa4 44. Qxa4 Nbxa4 45. Be3 Nc3 46. Kf2 Nxa2 47. Ke1 Nc3 48. Bg2 a5 49. Kd2 N3xe4+ 50. Kc2 Nf6 51. h3 Nfd7 52. Bf3 Kg7 53. g4 hxg4 54. hxg4 Nb6 55. Kc3 Kf6 56. g5+ Kf5 57. Be2 Ne4+ 58. Kc2 Nxg5 59. Bd3+ e4 60. Bf1 Nf3 61. Bh3+ Kf6 62. Kc3 Ne5 63. Bf1 g5 64. Kd4 Kf5 65. c5 Na4 66. cxd6 cxd6 67. Bd2 Nf3+ 68. Ke3 Nxd2 69. Kxd2 Ke5 0-1

[Event "Moscow FIDE GP"]
[Site "Moscow"]
[Date "2017.05.14"]
[Round "3"]
[White "Tomashevsky, Evgeny"]
[Black "Nakamura, Hikaru"]
[Result "1/2-1/2"]
[WhiteElo "2696"]
[BlackElo "2786"]
[PlyCount "50"]
[EventDate "2017.05.12"]
[EventType "swiss"]
[EventRounds "9"]
[EventCountry "RUS"]
[SourceTitle "CBM 179"]
[Source "ChessBase"]
[SourceDate "2017.07.12"]
[SourceVersion "1"]
[SourceVersionDate "2017.07.12"]
[SourceQuality "1"]

1. d4 Nf6 2. c4 e6 3. Nc3 Bb4 4. e3 O-O 5. Bd3 c5 6. Nf3 d5 7. O-O cxd4 8. exd4 dxc4 9. Bxc4 b6 10. Bg5 Bb7 11. Qe2 Bxc3 12. bxc3 Nbd7 13. Ne5 Rc8 14. Bb3 Rxc3 15. Rac1 Rxc1 16. Rxc1 Nxe5 17. dxe5 h6 18. Rd1 Qc7 19. Bxf6 gxf6 20. exf6 Qf4 21. Rd7 Ba8 22. h3 a5 $146 ({RR} 22... Qxf6 23. Rxa7 Kh8 24. Ra4 Rg8 {½-½ (24) Baenziger,F (2429)-Dragnev,V (2548) Corte 2022}) ({RR} 22... Qxf6 23. Rxa7 Kh8 24. Ra4 Rg8 {½-½ (24) Baenziger,F (2429)-Dragnev,V (2548) Corte 2022}) 23. Bxe6 fxe6 24. Qxe6+ Kh8 25. Qe7 Qc1+ 1/2-1/2

[Event "FRA-chT Top 16 Gp Basse"]
[Site "Evry"]
[Date "2008.06.01"]
[Round "11"]
[White "Vaisser, Anatoli"]
[Black "Nakamura, Hikaru"]
[Result "1/2-1/2"]
[WhiteElo "2539"]
[BlackElo "2686"]
[PlyCount "20"]
[EventDate "2008.05.29"]
[EventType "team"]
[EventRounds "11"]
[EventCountry "FRA"]
[SourceTitle "CBM 124 Extra"]
[Source "ChessBase"]
[SourceDate "2008.07.03"]
[SourceVersion "1"]
[SourceVersionDate "2008.07.03"]
[SourceQuality "1"]

1. d4 Nf6 2. c4 e6 3. Nc3 Bb4 4. e3 b6 5. Nge2 Ne4 6. Bd2 Nxd2 7. Qxd2 Bb7 8. a3 Bxc3 ({RR} 8... Be7 9. d5 O-O 10. g3 d6 11. Bg2 Nd7 12. O-O e5 13. f4 a5 14. Qc2 g6 15. f5 Bg5 16. Rf3 Nf6 17. Ne4 Nxe4 18. Qxe4 gxf5 19. Rxf5 Bc8 20. Raf1 Bxf5 21. Rxf5 Kh8 22. Nc3 f6 23. Qf3 {Drozdovskij,Y (2552)-Moiseenko,A (2575) Evpatoria 2003 0-1 (46)}) 9. Nxc3 O-O 10. d5 d6 $146 ({RR} 10... a5 11. Be2 Na6 12. O-O Nc5 13. Qc2 a4 14. Rad1 d6 15. e4 e5 16. Bg4 Qg5 17. Bh3 Bc8 18. Bxc8 Rfxc8 19. Nb5 Qe7 20. g3 Rf8 21. Rde1 Rac8 22. f4 Rfe8 23. f5 Qg5 24. Kg2 h5 25. h4 {Lobanov,S (2508)-Skliarov,V (2340) chess.com INT 2025 1-0 (35)}) 1/2-1/2

[Event "ChessKid Cup Div 1 W"]
[Site "chess.com INT"]
[Date "2023.05.22"]
[Round "1.4"]
[White "Van Foreest, Jorden"]
[Black "Nakamura, Hi"]
[Result "1-0"]
[WhiteElo "2689"]
[BlackElo "2775"]
[PlyCount "179"]
[EventDate "2023.05.22"]
[EventType "k.o."]

1. d4 Nf6 2. c4 e6 3. Nc3 Bb4 4. Qc2 O-O 5. e4 d5 6. e5 Ne4 7. Bd3 c5 8. a3 Bxc3+ 9. bxc3 cxd4 10. cxd4 Qa5+ 11. Kf1 Bd7 12. Ne2 f6 13. Bxe4 dxe4 14. exf6 Rxf6 15. Be3 Bc6 16. Ng3 $146 ({RR} 16. h4 Nd7 17. Rh3 Rc8 18. Kg1 Qf5 19. Rg3 h6 20. Qb3 b5 21. Rc1 Nb6 22. cxb5 Qxb5 23. Qd1 Qh5 24. Rc5 Bd5 25. Qc2 Rcf8 26. Rc7 R8f7 27. Nf4 Qxh4 28. Ng6 Qh5 29. Ne5 Rxc7 30. Qxc7 Qd1+ {Shariyazdanov,A (2562)-Pikula,D (2472) Biel 2002 ½-½ (42)}) 16... Nd7 17. Kg1 Rg6 18. h4 Rg4 19. h5 h6 20. Rh3 Nf6 21. Nf1 Rd8 22. Nh2 Rg5 23. d5 Ba4 24. Qe2 Re5 25. Bd4 Qc7 26. Bxe5 Qxe5 27. Re1 exd5 28. cxd5 Rxd5 29. Nf1 Be8 30. Ng3 Bd7 31. Rh4 Qg5 32. Rh1 Bc6 33. Nf1 Nxh5 34. Ne3 Nf4 35. Qg4 Qxg4 36. Nxg4 Ra5 37. Rh4 Nd3 38. Ra1 Rf5 39. Rxh6 Rf4 40. Rg6 Bd7 41. Ne3 Rxf2 42. Rc1 Bc6 43. Rf1 Rxf1+ 44. Kxf1 Kf7 45. Rd6 Nf4 46. Kf2 Ne6 47. Nc4 Ke7 48. Rd1 Nf4 49. Ne5 e3+ 50. Kxe3 Nxg2+ 51. Kd4 Kd6 52. Rf1 Be8 53. Rf8 Ba4 54. Rf7 Bc6 55. Nc4+ Ke6 56. Rxg7 Nh4 57. Kc5 Bf3 58. Ne3 Bc6 59. Nc2 Nf5 60. Rh7 a6 61. Nb4 Be4 62. Kb6 Nd6 63. Rh6+ Ke5 64. Kc5 Nf5 65. Rh5 Bf3 66. Rg5 Kf6 67. Rg8 Ke6 68. Re8+ Ne7 69. Nd3 Be4 70. Nb2 Bc6 71. Rh8 Nf5 72. Nc4 Bf3 73. Na5 Bg2 74. Rh7 b5 75. Ra7 Bf1 76. Rxa6+ Kd7 77. Nc6 Ng3 78. Ra7+ Ke6 79. Nd4+ Ke5 80. Nxb5 Ne4+ 81. Kb4 Kd5 82. a4 Nc5 83. Rh7 Nd3+ 84. Ka5 Nb2 85. Rh2 Nd3 86. Kb6 Ne5 87. Rh5 Ke6 88. Kc7 Kf6 89. Nd4 Bd3 90. a5 1-0

[Event "Amsterdam NH Hotels 5th"]
[Site "Amsterdam"]
[Date "2010.08.13"]
[Round "2"]
[White "Van Wely, Loek"]
[Black "Nakamura, Hikaru"]
[Result "1/2-1/2"]
[WhiteElo "2677"]
[BlackElo "2729"]
[Annotator "Ftacnik,Lubomir"]
[PlyCount "142"]
[EventDate "2010.08.12"]
[EventType "schev"]
[EventRounds "10"]
[EventCountry "NED"]
[SourceTitle "CBM 138"]
[Source "ChessBase"]
[SourceDate "2010.09.17"]
[SourceVersion "1"]
[SourceVersionDate "2010.09.17"]
[SourceQuality "1"]

1. d4 Nf6 2. c4 e6 3. Nc3 Bb4 4. Qc2 O-O 5. a3 Bxc3+ 6. Qxc3 d6 7. Nf3 Nbd7 8. e3 b6 9. Be2 Bb7 10. O-O c5 11. b4 Ne4 ({RR} 11... a5 12. Bb2 Qe7 13. Rfd1 Rfc8 14. dxc5 dxc5 15. b5 Rd8 16. Rd3 Be4 17. Rd2 Ne8 18. Rad1 f6 19. h3 Nf8 20. Nh2 Nd6 21. Nf1 Bb7 22. Ng3 Ne4 23. Nxe4 Bxe4 24. Bg4 Kf7 25. h4 Ke8 26. Bh5+ {Carlsen,M (2714)-Almasi,Z (2691) Kemer 2007 1-0 (82)}) 12. Qc2 {The queen retreat to c2 seems good enough, but it suffers from potential opposition along the c- file. White players have been putting more trust in the move 12.b3.} (12. Qb3 Qc7 (12... Rb8 13. Bb2 d5 (13... Qe7 14. Rfd1 d5 15. Nd2 dxc4 16. Qxc4 Nd6 17. Qd3 cxd4 18. Qxd4 e5 19. Qd3 Rfd8 20. e4 Nf8 21. Qe3 f6 22. f3 {1-0 Smyslov,V (2560)-Arnason,J (2550)/Haninge 1989 (57)}) 14. Rad1 Qe7 15. Qa4 cxb4 16. cxd5 Bxd5 17. axb4 Rfc8 18. b5 Rb7 19. Rc1 Rbc7 20. Rxc7 Rxc7 21. Ra1 h6 22. Bf1 Qd8 23. Qd1 Qc8 24. Rc1 Rxc1 25. Qxc1 Qxc1 26. Bxc1 $14 {1-0 Korotylev,A (2615)-Hou,Y (2509)/Moscow 2007/ (43)}) (12... Rc8 13. Rd1 Qe7 14. Bb2 Rfd8 15. bxc5 dxc5 16. a4 Ng5 17. Ne1 cxd4 18. exd4 a5 19. Qe3 Ne4 20. Ba3 Qe8 21. Nf3 Nef6 22. Bb2 $16 {1-0 Belov,V (2596)-Zhigalko,S (2485)/Hengelo 2005 (39)}) 13. Nd2 Nxd2 14. Bxd2 d5 15. Rac1 dxc4 16. Qxc4 Rfc8 17. dxc5 bxc5 18. Bc3 Nb6 19. Qg4 f5 20. Qg5 cxb4 21. Bd4 Qd7 22. axb4 Nd5 23. b5 $16 {1-0 Sokolov,I (2695)-Hjartarson,J (2640)/Germany 2004 (35)}) 12... cxd4 ({RR} 12... f5 13. Rd1 Qf6 14. Bb2 Qh6 15. Bd3 Ndf6 16. h3 g5 17. dxc5 bxc5 18. bxc5 Nxc5 19. Nd4 g4 20. Bxf5 exf5 21. Nxf5 Qg5 22. Nxd6 gxh3 23. f4 Qxg2+ 24. Qxg2+ Bxg2 25. Nf5 Ng4 26. Ne7+ Kf7 27. Nf5 {Merriman,J (2215)-Paulsen,D (2317) chess.com INT 2024 0-1 (32)}) 13. exd4 Rc8 14. Rd1 $146 (14. Nd2 f5 15. Nxe4 fxe4 16. Be3 Qe7 17. Qd2 h6 18. a4 d5 19. c5 (19. cxd5 Bxd5 20. Rfc1 Bb7 21. a5 Nf6 $14) 19... bxc5 20. bxc5 e5 21. Rfb1 Ba8 22. Ra3 $14 {0-1 Lukov,V (2380)-Spassov,L (2430)/Albacete 1994 (59)}) ({RR} 14. Nd2 f5 15. Nxe4 fxe4 16. Be3 Qe7 17. Qd2 h6 18. a4 d5 19. c5 bxc5 20. bxc5 e5 21. Rfb1 Ba8 22. Ra3 Rf7 23. Bh5 Rf6 24. Bg4 Rcf8 25. Bxd7 Qxd7 26. dxe5 Rg6 27. Bd4 Rf3 28. Re3 Qh3 {Lukov,V (2380)-Spassov,L (2430) Albacete 1994 0-1 (59)}) 14... f5 15. Qb3 Ndf6 16. Ng5 $1 {A perfect spanner in the works as Black mounts a kingside attack. The exchange of the pair of knights will enhance the power of White's bishops.} Qe8 (16... Nxg5 17. Bxg5 h6 18. Bf4 Qe7 19. f3 $14) 17. Nxe4 Nxe4 (17... fxe4 18. Qg3 d5 19. c5 $16) 18. f3 Nf6 19. a4 {In the old days players would have trusted the natural centralisation of the bishop 19.e3!?} (19. Be3 $5 Rf7 20. Rac1 $14) 19... Rf7 (19... e5 20. dxe5 Qxe5 (20... dxe5 21. c5+ Kh8 22. cxb6 axb6 23. Be3 $16) 21. Ra2 Rfe8 22. Rc2 $16) 20. Ba3 e5 $6 {The opening of the centre might be desirable for Black's pieces, but it actually helps the enemy bishops even more.} (20... Re7 21. Bf1 $14) 21. dxe5 Qxe5 22. Bf1 d5 23. Bb2 Qe6 (23... Qd6 24. Rac1 Re7 25. c5 $16) 24. Rac1 Rfc7 25. c5 $1 {[%mdl 2048] This fine move avoids full symmetry on the board and keeps both bishops very powerful.} bxc5 26. Rxc5 (26. bxc5 Nd7 27. Bd4 Qf7 28. Rb1 $16) 26... Rxc5 27. bxc5 Bc6 28. Ba6 Re8 29. Bb5 $1 Rb8 (29... Bxb5 30. axb5 $16) 30. Qd3 a6 {Nakamura can be devilishly dangerous in tactics, but in defence even the lion seems to be much lesser animal.} (30... Kf7 31. Bc3 a6 32. Bxc6 Qxc6 33. Bxf6 Kxf6 34. Qxd5 $16) 31. Bxc6 Rxb2 32. Bxd5 Nxd5 33. Qxd5 Qxd5 34. Rxd5 Rb4 $6 {The choice of the critical moment was extremely difficult, but this move loses quite positively.} (34... Rc2 35. Rxf5 Ra2 36. Kf1 Rxa4 37. Ke2 $16) 35. Rd8+ Kf7 36. Rd7+ Kf6 37. Rd6+ Ke5 38. Rxa6 Rc4 39. Ra7 Kf6 40. Ra5 h5 41. Ra6+ (41. Kf2 Rc2+ 42. Kg3 g5 43. Rb5 h4+ 44. Kh3 Rc3 45. a5 g4+ 46. Kxh4 gxf3 47. gxf3 Rxf3 48. c6 Rf4+ 49. Kh3 Rc4 50. Rb8 Kg5 (50... Rxc6 51. Rb6 $18) 51. a6 $18) 41... Ke5 42. Rg6 (42. c6 g5 43. Kf1 Kd6 44. h3 h4 $16) 42... Rxc5 43. Rxg7 Rc4 44. a5 Ra4 45. h4 $2 {Van Wely must have been very unhappy about this reckless move in a completely winning position.} (45. Rh7 Kf4 46. h3 Kg5 47. Ra7 $18) (45. h3 Kf4 46. Kh2 h4 (46... Rxa5 47. h4 $18) 47. Ra7 $18) 45... Rxh4 $1 46. a6 Ra4 47. a7 Kf4 48. Kh2 Ra2 49. Rb7 Ra6 50. Kh3 h4 $6 {The h4 square is somehow cursed in this endgame for both players. Much better was to lock white king in on the h-file with 50..a1!} (50... Ra1 $1 51. Rb4+ (51. Kh2) 51... Ke3 52. Kh4 Rxa7 53. Kxh5 f4 $14) 51. Rh7 Kg5 52. g3 $6 {The poor Dutchman must have been pretty depressed by the spoiled position. He could still have put lot of problems on Nakamura's plate with the 52.f4!? idea, even though it is probably not winning.} (52. f4+ $5 Kxf4 53. Kxh4 Ra2 (53... Ra4 54. Rb7 Ke5+ 55. Kg5 Rg4+ 56. Kh6 Ra4 57. Kg6 $18) 54. g3+ Kf3 55. Rf7 Ke4 56. Kg5 Ra5 57. Kg6 Ra6+ 58. Kg7 Ra5 $16) 52... hxg3 53. Kxg3 Ra2 54. Rg7+ Kf6 55. Rb7 Kg5 56. f4+ (56. Rf7 Kg6 57. Rb7 Kg5 $11) 56... Kh5 57. Rg7 Kh6 58. Rf7 Kg6 59. Re7 Kh5 $1 {Black will always be ready to lash out with counterplay against the f4-pawn.} 60. Rh7+ Kg6 61. Rc7 Kh5 62. Kf3 (62. Rb7 Ra3+ 63. Kf2 Kg4 $11) 62... Ra3+ 63. Ke2 Kg4 $11 64. Kd2 Kxf4 {Many rook endgames are drawn, but rarely with one party playing two pawns down!} 65. Kc2 Ke5 66. Kb2 Ra6 67. Kc3 Kd6 68. Rf7 Kc5 69. Rxf5+ Kb6 70. Rf6+ Kxa7 71. Rxa6+ Kxa6 1/2-1/2

[Event "Titled Tue 21st Nov Late"]
[Site "chess.com INT"]
[Date "2023.11.21"]
[Round "6"]
[White "Xiong, Jeffery"]
[Black "Nakamura, Hi"]
[Result "1/2-1/2"]
[WhiteElo "2681"]
[BlackElo "2778"]
[PlyCount "36"]
[EventDate "2023.11.21"]

1. d4 Nf6 2. c4 e6 3. Nc3 Bb4 4. Nf3 O-O 5. Bg5 c5 6. e3 cxd4 7. exd4 d5 8. Rc1 Be7 ({RR} 8... Nc6 9. a3 Be7 10. c5 Ne4 11. Bxe7 Qxe7 12. Be2 Rd8 13. O-O e5 14. Re1 Nxc3 15. bxc3 Be6 16. dxe5 Qxc5 17. Bd3 g6 18. Ng5 Re8 19. Qd2 Qxa3 20. h4 a5 21. h5 Qf8 22. Rb1 a4 23. Rxb7 {Batsiashvili,N (2476)-Pipiras,F (2166) Germany GER 2025 1-0}) ({RR} 8... Nbd7 9. cxd5 exd5 10. Be2 h6 11. Bh4 Re8 12. O-O Bxc3 13. Rxc3 Qa5 14. Ra3 Qb6 15. Rb3 Qa5 16. Bb5 Re4 17. Qc2 Nh5 18. Rc1 Ndf6 19. Bd3 Re8 20. Bxf6 Nxf6 21. Ne5 Be6 22. Rxb7 Rec8 23. Nc6 {Xiong,J (2636)-Tanriverdi,E (2382) chess.com INT 2024 1-0}) 9. Be2 ({RR} 9. a3 b6 10. Bxf6 Bxf6 11. cxd5 exd5 12. Bb5 a6 13. Ba4 b5 14. Bb3 Re8+ 15. Ne2 Bg4 16. O-O Bxf3 17. gxf3 Ra7 18. Rc5 Rd7 19. Nc3 Rd6 20. Rxd5 Nc6 21. Rxd6 Qxd6 22. Re1 Rxe1+ 23. Qxe1 Qd8 {Carlsen,M (2855)-Nakamura,H (2787) Paris 2016 ½-½ (35)}) 9... dxc4 10. Bxc4 $146 ({RR} 10. O-O b6 11. Ne5 Bb7 12. Bxc4 Nbd7 13. Re1 h6 14. Bxf6 Bxf6 15. Nxf7 Rxf7 16. Bxe6 Nf8 17. Bxf7+ Kxf7 18. Qb3+ Kg6 19. Ne4 Bxe4 20. Rxe4 Rc8 21. Rxc8 Qxc8 22. h4 h5 23. Qd3 Kf7 24. Qb3+ Kg6 {Batsiashvili,N (2475)-Song,Y (2404) Durres ALB 2023 ½-½ (50)}) 10... Nc6 11. O-O h6 12. Bh4 Nh5 13. Bxe7 Nxe7 14. d5 exd5 15. Nxd5 Nxd5 16. Qxd5 Qxd5 17. Bxd5 Nf6 18. Bb3 Be6 1/2-1/2